00935nam a2200217 a 4500008004100000020002200041245025000063260006000313300003300373440003600406504004100442650005200483650005300535700002500588700001400613700002100627710004200648003000100690005001700691040000900708  a9536429276 (pbk.)10aConceptual framework and planning guidelines for integrated coastal area and river basin management /ccompiled and prepared for the UNEP by Harry Coccossis, Tim Burt and Jentje van der Weide ; with assistance from Alexandra Mexa and Irene Xydi. aNairobi :bUnited Nations Environment Programme,c1999. axii, 78 p. :bill. ;c30 cm. aUNEP Mediterranean Action Plan. aIncludes bibliographical references. aCoastal zone management xMediterranean region. aEnvironmental protection xMediterranean region. aVan de Weide, Jentje aBurt, Tim aCoccossis, Harry aUnited Nations Environment Programme.20230123133359.0 cNUST